00364nam a2200133Ia 45000010005000000080041000050200018000460820019000641000017000832450066001002600021001669010028001879990015002151828241024s9999 xx 000 0 und d a84-8400-992-0 aRD/460/V857c/5 aVicens Vives 0aLengua y Literatura 5to. curso. Cuaderno de actividades Len 5 bEd. Tallerc1999 a29/9/2011 10:20:05 a.m. c8228d8228